[Event "LLHH 2324 SK Johanneum Eppendorf II - SV"]
[Site "?"]
[Date "2024.02.25"]
[Round "6.5"]
[White "Limbach, Torsten"]
[Black "Zobel, Andrej"]
[Result "1/2-1/2"]
[WhiteElo "1954"]
[BlackElo "2101"]
[PlyCount "84"]
[EventDate "2024.??.??"]

1. c4 c5 2. g3 Nf6 3. Bg2 d5 4. cxd5 Nxd5 5. Nc3 Nc7 6. Nf3 Nc6 7. O-O e5 8. Ne1 Qd7 9. Nd3 f6 10. b3 Bd6 11. Ne4 b6 12. Nxd6+ Qxd6 13. Bb2 Bf5 14. f4 Bxd3 15. fxe5 fxe5 16. exd3 O-O-O 17. Qg4+ Kb8 18. Bxc6 Qxc6 19. Bxe5 Rd7 20. b4 Rhd8 21. bxc5 Qxc5+ 22. d4 Qe7 23. Rac1 Kb7 24. Qe4+ Nd5 25. Qxh7 Qa3 26. Qc2 Nb4 27. Qe4+ Nd5 28. Qc2 Nb4 29. Qe4+ Nd5 30. Qg6 a5 31. Qc6+ Ka7 32. Qc4 Kb7 33. Qc6+ Ka7 34. Qc4 Kb7 35. Qb3 Qxb3 36. axb3 Nb4 37. Rf3 Nc6 38. Rcf1 Nxd4 39. Bxd4 Rxd4 40. Rf7+ Ka6 41. Rxg7 Rxd2 42. Rgf7 Rb2 1/2-1/2

[Event "LLHH 2324 SK Johanneum Eppendorf II - SV"]
[Site "?"]
[Date "2024.02.25"]
[Round "6.6"]
[White "Dumjahn, Carsten"]
[Black "Varain, Ernst-Helmuth"]
[Result "1-0"]
[WhiteElo "1988"]
[BlackElo "2028"]
[PlyCount "41"]
[EventDate "2024.??.??"]

1. d4 Nf6 2. Nf3 g6 3. Bg5 Bg7 4. Nbd2 d5 5. e3 c6 6. c4 O-O 7. h3 Re8 8. Qb3 Qa5 9. cxd5 cxd5 10. Bb5 Rd8 11. O-O a6 12. Bd3 Nc6 13. Rfc1 e6 14. a3 Re8 15. Rc5 Qd8 16. Ne5 Na5 17. Qc3 b5 18. Rc7 Nc4 19. Rxf7 h6 20. Bxf6 Bxf6 21. Nc6 1-0

[Event "LLHH 2324 SK Johanneum Eppendorf II - SV"]
[Site "?"]
[Date "2024.02.25"]
[Round "6.7"]
[White "Jordt, Joachim"]
[Black "Seidel, Mika"]
[Result "1/2-1/2"]
[WhiteElo "2059"]
[BlackElo "1962"]
[PlyCount "31"]
[EventDate "2024.??.??"]

1. d4 Nf6 2. Nf3 g6 3. c4 Bg7 4. Nc3 d5 5. cxd5 Nxd5 6. Qb3 Nb6 7. Bf4 Nc6 8. Rd1 O-O 9. e3 e5 10. dxe5 Qe7 11. Be2 Be6 12. Qc2 Bf5 13. e4 Bg4 14. O-O Bxf3 15. Bxf3 Nxe5 16. Be2 1/2-1/2

[Event "LLHH 2324 SK Johanneum Eppendorf II - SV"]
[Site "?"]
[Date "2024.02.25"]
[Round "6.8"]
[White "Markovic, Daniel"]
[Black "Kemeny, Matthias"]
[Result "0-1"]
[WhiteElo "1960"]
[BlackElo "1912"]
[PlyCount "52"]
[EventDate "2024.??.??"]

1. e4 c6 2. d4 d5 3. exd5 cxd5 4. c4 Nf6 5. Nc3 Nc6 6. Be3 e6 7. Nf3 Bb4 8. Be2 Ne4 9. Qb3 O-O 10. O-O Nxc3 11. bxc3 Be7 12. cxd5 exd5 13. Bf4 Na5 14. Qb2 b6 15. Ne5 Bb7 16. Rfe1 Bd6 17. Qd2 Qc7 18. Bd3 f6 19. Bxh7+ Kxh7 20. Qd3+ Kg8 21. Ng6 Rfe8 22. Bxd6 Qxd6 23. Qh3 f5 24. Qh8+ Kf7 25. Rxe8 Rxe8 26. Ne5+ Qxe5 0-1

[Event "LLHH 2324 SK Weisse Dame - Hamburger SK"]
[Site "?"]
[Date "2024.02.25"]
[Round "6.2"]
[White "Akca, Gani Eren"]
[Black "Fuhrmann, Bahne"]
[Result "1/2-1/2"]
[WhiteElo "2152"]
[BlackElo "2115"]
[PlyCount "60"]
[EventDate "2024.??.??"]

1. e4 e5 2. Nf3 Nc6 3. Bb5 a6 4. Ba4 Nf6 5. O-O Nxe4 6. d4 Be7 7. Qe2 b5 8. Bb3 d5 9. dxe5 Nc5 10. Rd1 Nxb3 11. axb3 O-O 12. c4 bxc4 13. bxc4 Nb4 14. cxd5 Nxd5 15. Nc3 Nxc3 16. bxc3 Qe8 17. Qc4 c5 18. Be3 Be6 19. Qe4 a5 20. Ng5 Bxg5 21. Bxg5 Qb5 22. Rdb1 Qc4 23. Qxc4 Bxc4 24. Ra4 Bd3 25. Rba1 Rfb8 26. Be7 Rb5 27. c4 Rb4 28. Rxb4 cxb4 29. Bxb4 Bxc4 30. Bxa5 h5 1/2-1/2

[Event "LLHH 2324 SK Weisse Dame - Hamburger SK"]
[Site "?"]
[Date "2024.02.25"]
[Round "6.3"]
[White "Fuhrmann, Aake"]
[Black "Lansky, Georg"]
[Result "0-1"]
[WhiteElo "2020"]
[BlackElo "2085"]
[PlyCount "41"]
[EventDate "2024.??.??"]

1. d4 Nf6 2. c4 g6 3. Nc3 d5 4. Nf3 Bg7 5. Qb3 dxc4 6. Qxc4 O-O 7. Bf4 c6 8. e4 b5 9. Qb3 Qa5 10. Bd3 Be6 11. Qd1 b4 12. Qa4 Qb6 13. Ne2 Nbd7 14. h3 c5 15. d5 c4 16. Be3 Nc5 17. Bxc5 Qxc5 18. Rc1 Bd7 19. Qc2 b3 20. Qd2 bxa2 21. O-O 0-1

[Event "LLHH 2324 SK Weisse Dame - Hamburger SK"]
[Site "?"]
[Date "2024.02.25"]
[Round "6.4"]
[White "Mandelbaum, Peter-Rene"]
[Black "Foo, Tzun Hong"]
[Result "0-1"]
[WhiteElo "2095"]
[BlackElo "1953"]
[PlyCount "86"]
[EventDate "2024.??.??"]

1. e4 c5 2. Nf3 d6 3. d4 cxd4 4. Nxd4 Nf6 5. Nc3 a6 6. g3 e5 7. Nde2 b5 8. Bg2 Bb7 9. O-O Be7 10. h3 b4 11. Nd5 Nxd5 12. exd5 O-O 13. a3 bxa3 14. Rxa3 Nd7 15. f4 Bf6 16. Kh1 Rc8 17. b3 Qc7 18. c4 Qc5 19. Nc3 Qb4 20. Ne4 Be7 21. f5 Nf6 22. Qe1 Qxe1 23. Rxe1 Nxe4 24. Bxe4 Bd8 25. Be3 Rb8 26. Kg2 Bc8 27. c5 Rb4 28. Kf3 g6 29. g4 gxf5 30. gxf5 Kh8 31. c6 Rg8 32. Rg1 Rxg1 33. Bxg1 a5 34. Be3 Kg7 35. Bd3 Rh4 36. Kg3 e4 37. Bd4+ Kf8 38. f6 Rxh3+ 39. Kf4 exd3 40. Bc3 Rh5 41. Bxa5 Bxf6 42. Bc7 d2 43. Bxd6+ Kg7 0-1

[Event "LLHH 2324 SK Weisse Dame - Hamburger SK"]
[Site "?"]
[Date "2024.02.25"]
[Round "6.5"]
[White "Goldmann, David"]
[Black "Ludwig, Jan"]
[Result "1-0"]
[WhiteElo "1922"]
[BlackElo "2048"]
[PlyCount "61"]
[EventDate "2024.??.??"]

1. e4 e6 2. d4 d5 3. Nd2 c5 4. c3 Nc6 5. exd5 exd5 6. Ngf3 Nf6 7. Bb5 a6 8. Bxc6+ bxc6 9. O-O Be7 10. dxc5 Bxc5 11. Re1+ Be7 12. Qe2 Ra7 13. Ne5 Qc7 14. Nb3 O-O 15. Na5 Bd7 16. Nxd7 Qxd7 17. Be3 Raa8 18. Bd4 Rfe8 19. Bxf6 Bxf6 20. Qd3 Re6 21. Nb3 Qe7 22. Rxe6 fxe6 23. Re1 Qd6 24. Qe3 e5 25. Qb6 d4 26. Nd2 Rb8 27. Qxa6 dxc3 28. Ne4 cxb2 29. Nxd6 b1=Q 30. Qc4+ Kh8 31. Nf7+ 1-0

[Event "LLHH 2324 SK Weisse Dame - Hamburger SK"]
[Site "?"]
[Date "2024.02.25"]
[Round "6.6"]
[White "Schiele, Lars"]
[Black "Klaas, Heiko"]
[Result "1/2-1/2"]
[WhiteElo "2030"]
[BlackElo "1885"]
[PlyCount "72"]
[EventDate "2024.??.??"]

1. d4 d5 2. c4 e6 3. Nc3 Nf6 4. cxd5 exd5 5. Bg5 Be7 6. Qc2 c6 7. e3 Nbd7 8. Bd3 O-O 9. Nf3 Re8 10. O-O Nf8 11. Rab1 g6 12. b4 a6 13. a4 Ne6 14. Bh4 Ng7 15. b5 axb5 16. axb5 Bf5 17. Bxf5 Nxf5 18. Bxf6 Bxf6 19. bxc6 bxc6 20. Na4 Qa5 21. Nb6 Rad8 22. Qxc6 Re6 23. Qc5 Qxc5 24. dxc5 d4 25. g4 Nh4 26. Nxd4 Bxd4 27. exd4 Rxd4 28. h3 Rc6 29. Rb5 Nf3+ 30. Kg2 Nd2 31. Rd1 Nb3 32. Rb1 Nxc5 33. Rc1 Rdd6 34. Nc4 Na6 35. Nxd6 Rxc1 36. Rb7 Rc7 1/2-1/2

[Event "LLHH 2324 SK Weisse Dame - Hamburger SK"]
[Site "?"]
[Date "2024.02.25"]
[Round "6.7"]
[White "Kort, Felix"]
[Black "Kuhle, Sebastian"]
[Result "1-0"]
[WhiteElo "1960"]
[BlackElo "2055"]
[PlyCount "83"]
[EventDate "2024.??.??"]

1. d4 Nf6 2. c4 e6 3. Nc3 Bb4 4. Qc2 O-O 5. e4 d5 6. e5 Ne4 7. a3 Bxc3+ 8. bxc3 c5 9. Bd3 cxd4 10. cxd4 Qa5+ 11. Kf1 Nc6 12. Bxe4 dxe4 13. Ne2 b6 14. Qxe4 Qa4 15. Be3 Ba6 16. Kg1 Qxc4 17. Ng3 Rac8 18. Nh5 Qd3 19. Qg4 Qg6 20. Qf3 Bb7 21. Nf4 Qf5 22. h4 Ba8 23. Qe2 Rfd8 24. g4 Nxd4 25. gxf5 Nxe2+ 26. Nxe2 Bxh1 27. Kxh1 exf5 28. Kg2 Rc4 29. h5 h6 30. a4 Rd5 31. f4 Ra5 32. Rd1 Raxa4 33. Rd8+ Kh7 34. Rd7 Ra2 35. Kf3 Ra3 36. Nd4 Rcc3 37. Nxf5 Kg8 38. Ke4 g6 39. hxg6 fxg6 40. Rg7+ Kh8 41. Rxg6 b5 42. e6 1-0

[Event "LLHH 2324 SK Weisse Dame - Hamburger SK"]
[Site "?"]
[Date "2024.02.25"]
[Round "6.8"]
[White "Purniel Umpierre, Christian"]
[Black "Lu, Yunong Elias"]
[Result "0-1"]
[WhiteElo "2002"]
[BlackElo "1841"]
[PlyCount "100"]
[EventDate "2024.??.??"]

1. Nf3 c5 2. e4 d6 3. c3 Nf6 4. Be2 Nc6 5. d4 cxd4 6. cxd4 Nxe4 7. O-O d5 8. Qb3 g6 9. Nc3 Nxc3 10. bxc3 Bg7 11. Be3 O-O 12. Rac1 Qd6 13. Rfd1 a6 14. a4 Bg4 15. h3 Bxf3 16. Bxf3 e6 17. Qb6 Rfd8 18. g3 Ne7 19. Rb1 Nf5 20. Bf4 Qxb6 21. Rxb6 Rac8 22. Bd2 Rd7 23. Be2 Nd6 24. Rdb1 Ne4 25. Be1 Nxc3 26. Bxc3 Rxc3 27. Rxb7 Rxb7 28. Rxb7 Bxd4 29. Kf1 Rc1+ 30. Kg2 a5 31. Rb5 Rc2 32. Kf1 Bc3 33. Rc5 Kg7 34. Rc7 d4 35. Bb5 Rc1+ 36. Ke2 Bb2 37. Ra7 e5 38. Bd3 Rc5 39. Rb7 Bc3 40. Rb5 Rxb5 41. Bxb5 f5 42. f3 Kf6 43. Bc4 e4 44. fxe4 fxe4 45. Bg8 h6 46. Bd5 Ke5 47. Bf7 d3+ 48. Ke3 Bd4+ 49. Kd2 Bf2 50. Bxg6 Kd4 0-1

[Event "LLHH 2324 SK Marmstorf - Hamburger SK IV"]
[Site "?"]
[Date "2024.02.25"]
[Round "6.1"]
[White "Alegria, Oliver"]
[Black "Carlstedt, Jonathan"]
[Result "0-1"]
[WhiteElo "2143"]
[BlackElo "2426"]
[PlyCount "66"]
[EventDate "2024.??.??"]

1. e4 e5 2. f4 Bc5 3. Nf3 d6 4. c3 Nc6 5. d4 Bb6 6. fxe5 dxe5 7. Bb5 exd4 8. cxd4 Bd7 9. Nc3 Qe7 10. O-O O-O-O 11. Bg5 f6 12. Be3 Nh6 13. Kh1 Nf5 14. exf5 Qxe3 15. Nd5 Qe4 16. Nxb6+ axb6 17. Qa4 Kb8 18. Rae1 Qd5 19. Bc4 Nxd4 20. Bxd5 Bxa4 21. Nxd4 Rxd5 22. Ne6 Rd2 23. Nxg7 Bc6 24. Rg1 Rg8 25. Re7 Rxb2 26. h4 Rxa2 27. h5 h6 28. Kh2 b5 29. Kh3 b4 30. g4 b3 31. Ne6 Rg2 32. Rb1 R2xg4 33. Rxb3 Bg2+ 0-1

[Event "LLHH 2324 SK Marmstorf - Hamburger SK IV"]
[Site "?"]
[Date "2024.02.25"]
[Round "6.2"]
[White "Kuberczyk, Christoph"]
[Black "Meier, David Geffrey"]
[Result "1-0"]
[WhiteElo "2279"]
[BlackElo "2124"]
[PlyCount "63"]
[EventDate "2024.??.??"]

1. d4 d5 2. c4 e6 3. Nf3 Nf6 4. Nc3 c6 5. Bg5 Bb4 6. e3 Qa5 7. Bxf6 Bxc3+ 8. bxc3 Qxc3+ 9. Nd2 gxf6 10. cxd5 exd5 11. Rc1 Qa3 12. Be2 Nd7 13. O-O f5 14. Qc2 Nf6 15. Bd3 Ne4 16. Nb3 Qe7 17. Rce1 Be6 18. f3 Nd6 19. Nc5 b6 20. Nxe6 fxe6 21. e4 Kd7 22. exf5 Qf6 23. fxe6+ Kc7 24. Re5 Kb7 25. Qa4 b5 26. Qb4 Qe7 27. f4 Rag8 28. a4 a6 29. axb5 axb5 30. Bxb5 cxb5 31. Rxd5 Rd8 32. Rxb5+ 1-0

[Event "LLHH 2324 SK Marmstorf - Hamburger SK IV"]
[Site "?"]
[Date "2024.02.25"]
[Round "6.3"]
[White "Posske, Thore"]
[Black "Hawellek, Jeronimo"]
[Result "0-1"]
[WhiteElo "1976"]
[BlackElo "2303"]
[PlyCount "118"]
[EventDate "2024.??.??"]

1. d4 f5 2. c4 Nf6 3. d5 e5 4. dxe6 d6 5. Nf3 Bxe6 6. Nd4 Bd7 7. g3 g6 8. Bg2 Nc6 9. Nc3 Bg7 10. O-O O-O 11. Bf4 Nh5 12. Be3 f4 13. Nxc6 Bxc6 14. Bd4 fxg3 15. hxg3 Bxg2 16. Kxg2 Nf6 17. Qb3 Qd7 18. Rad1 Qc6+ 19. Kg1 Rae8 20. c5+ Kh8 21. cxd6 cxd6 22. e3 Qf3 23. Rd2 h5 24. Bxf6 Rxf6 25. Qd5 Rxe3 26. Qxf3 Rexf3 27. Ne4 Rf8 28. Rxd6 Re8 29. Ng5 Rf5 30. Rxg6 Bxb2 31. g4 Rf6 32. gxh5 Rxg6 33. hxg6 Bf6 34. Nf7+ Kg7 35. Nd6 Re2 36. Rb1 b6 37. a4 Kxg6 38. Rb4 Be7 39. Rd4 Ra2 40. Nb5 Bc5 41. Rf4 Kg5 42. Rf7 a6 43. Nc3 Ra1+ 44. Kg2 Bd4 45. Ne2 Rxa4 46. Rf4 Ra2 47. Re4 Bc5 48. Re5+ Kf6 49. f4 Bd6 50. Re4 Kf5 51. Kf3 Ra3+ 52. Re3 Rxe3+ 53. Kxe3 Bc5+ 54. Kd3 Bf2 55. Kc2 Ke4 56. Kb3 Be1 57. Kc4 b5+ 58. Kc5 Bd2 59. f5 Kd3 0-1

[Event "LLHH 2324 SK Marmstorf - Hamburger SK IV"]
[Site "?"]
[Date "2024.02.25"]
[Round "6.4"]
[White "Ramme, Christoph"]
[Black "Schellhorn, Wolfgang"]
[Result "1-0"]
[WhiteElo "2108"]
[BlackElo "2082"]
[PlyCount "39"]
[EventDate "2024.??.??"]

1. d4 Nf6 2. c4 g6 3. Nf3 Bg7 4. Nc3 d5 5. Qb3 dxc4 6. Qxc4 c6 7. e4 Nbd7 8. e5 Nb6 9. exf6 Nxc4 10. fxg7 Rg8 11. Bxc4 b5 12. Bb3 a5 13. Ne5 e6 14. Be3 Qd6 15. Ne4 Qb4+ 16. Bd2 Qe7 17. Bg5 Qb4+ 18. Ke2 Rxg7 19. Nxc6 Bb7 20. Nf6+ 1-0

[Event "LLHH 2324 SK Marmstorf - Hamburger SK IV"]
[Site "?"]
[Date "2024.02.25"]
[Round "6.5"]
[White "Atri, Jamshid"]
[Black "Hohlbein, Michael"]
[Result "1-0"]
[WhiteElo "1994"]
[BlackElo "1957"]
[PlyCount "91"]
[EventDate "2024.??.??"]

1. e4 d5 2. exd5 Nf6 3. c4 e6 4. d4 exd5 5. Nc3 Bb4 6. Nf3 O-O 7. h3 Re8+ 8. Be3 Ne4 9. Qb3 Qe7 10. O-O-O Bxc3 11. bxc3 Nc6 12. cxd5 Na5 13. Qb4 b6 14. Qxe7 Rxe7 15. Kb2 Bb7 16. c4 b5 17. cxb5 Bxd5 18. Rc1 Rb8 19. Ka1 Nd6 20. Rc5 Bc4 21. Bd2 Bxf1 22. Rxf1 Nac4 23. Bb4 a5 24. Rxc4 axb4 25. Rxb4 Rxb5 26. Rxb5 Nxb5 27. Rb1 Nd6 28. Rb8+ Ne8 29. a4 f6 30. Ka2 Kf7 31. Ka3 Re2 32. Rb2 Re6 33. Rc2 Ke7 34. a5 Kd7 35. Ka4 Ra6 36. Nd2 Nd6 37. Nb3 Ra8 38. Nc5+ Ke7 39. Nb7 Ne8 40. Kb5 Kd7 41. a6 Rb8 42. Ka5 Ra8 43. d5 Ra7 44. Rc6 f5 45. Kb5 Nf6 46. d6 1-0

[Event "LLHH 2324 SK Marmstorf - Hamburger SK IV"]
[Site "?"]
[Date "2024.02.25"]
[Round "6.6"]
[White "Bach, Matthias"]
[Black "Juergens, Bernhard"]
[Result "1-0"]
[WhiteElo "2197"]
[BlackElo "2123"]
[PlyCount "73"]
[EventDate "2024.??.??"]

1. d4 e6 2. Bf4 c5 3. e3 Nc6 4. Nf3 Nf6 5. c3 Be7 6. h3 b6 7. Bd3 Bb7 8. Nbd2 O-O 9. O-O Rc8 10. Qe2 d6 11. Rad1 Qd7 12. a3 Rfd8 13. Bh2 d5 14. Ne5 Qe8 15. f4 Nxe5 16. fxe5 Ne4 17. Qg4 Nxd2 18. Rxd2 Rc7 19. Rdf2 Bf8 20. h4 Bc6 21. Qh5 f5 22. Qe2 h5 23. Bf4 a5 24. Rf3 c4 25. Bb1 g6 26. Bg5 Rb8 27. Rg3 b5 28. Bf6 Rh7 29. Bxf5 exf5 30. Rxf5 Bd7 31. Rxh5 Bg7 32. Rxh7 Kxh7 33. h5 Bf5 34. Qf3 Bxf6 35. hxg6+ Bxg6 36. Rh3+ Kg8 37. Qxf6 1-0

[Event "LLHH 2324 SK Marmstorf - Hamburger SK IV"]
[Site "?"]
[Date "2024.02.25"]
[Round "6.7"]
[White "Chyzynski, David"]
[Black "Diekmann, Jens"]
[Result "1-0"]
[WhiteElo "1770"]
[BlackElo "2047"]
[PlyCount "57"]
[EventDate "2024.??.??"]

1. d4 Nf6 2. Nf3 e6 3. c4 b6 4. g3 Bb7 5. Bg2 Bb4+ 6. Bd2 Be7 7. O-O O-O 8. Nc3 Na6 9. a3 c5 10. Bg5 cxd4 11. Nxd4 Bxg2 12. Kxg2 Rc8 13. Ndb5 Rxc4 14. Kg1 h6 15. Bf4 Qa8 16. Nd6 Rc6 17. e4 Nc7 18. h4 g5 19. hxg5 hxg5 20. e5 Nfd5 21. Bxg5 Nxc3 22. Qg4 Bxg5 23. Qxg5+ Kh7 24. Kg2 Rxd6+ 25. f3 Rd2+ 26. Qxd2 Ne4 27. Rh1+ Kg6 28. Qh6+ Kf5 29. Rh5+ 1-0

[Event "LLHH 2324 SK Marmstorf - Hamburger SK IV"]
[Site "?"]
[Date "2024.02.25"]
[Round "6.8"]
[White "Peschke, Matthias"]
[Black "Wartenberg, Alissa"]
[Result "1/2-1/2"]
[WhiteElo "1998"]
[BlackElo "1719"]
[PlyCount "76"]
[EventDate "2024.??.??"]

1. c4 c6 2. g3 d5 3. Nf3 Nf6 4. b3 g6 5. Bb2 Bg7 6. Bg2 O-O 7. O-O Be6 8. Ng5 Bf5 9. d3 h6 10. Nf3 Qd7 11. Nc3 Bh3 12. Re1 Bxg2 13. Kxg2 Na6 14. e4 d4 15. Ne2 c5 16. Ne5 Qe6 17. f4 Nd7 18. Nxd7 Qxd7 19. Ng1 Rae8 20. Qf3 Nb4 21. Re2 Nc6 22. e5 Qc8 23. Nh3 Kh7 24. Nf2 f6 25. exf6 exf6 26. Ne4 b6 27. Rae1 Ne5 28. Nxf6+ Bxf6 29. fxe5 Rxe5 30. Rxe5 Bxe5 31. Qe4 Bg7 32. Bc1 Rf7 33. Bf4 a6 34. Qe6 Qb7+ 35. Qe4 Qd7 36. h3 Bf8 37. Qe8 Qb7+ 38. Qe4 Qd7 1/2-1/2

[Event "LLHH 2324 FC St. Pauli III - SC Königss"]
[Site "?"]
[Date "2024.02.25"]
[Round "6.1"]
[White "Wagner, Friedrich"]
[Black "Kahlert, Thomas"]
[Result "1/2-1/2"]
[WhiteElo "2111"]
[BlackElo "2118"]
[PlyCount "67"]
[EventDate "2024.??.??"]

1. c4 e5 2. g3 Nc6 3. Bg2 g6 4. Nc3 Bg7 5. e4 d6 6. Nge2 f5 7. d3 Nf6 8. O-O O-O 9. Nd5 Be6 10. Bg5 Qd7 11. Qd2 Nh5 12. f3 Rae8 13. Rac1 Nd4 14. Nxd4 exd4 15. Nf4 Nxf4 16. Bxf4 fxe4 17. fxe4 c5 18. b4 b6 19. Ra1 Rf7 20. a4 Ref8 21. a5 b5 22. cxb5 c4 23. dxc4 Bxc4 24. b6 axb6 25. axb6 Qb5 26. Rfc1 d3 27. Be3 Bxa1 28. Rxa1 Rb8 29. Ra5 Qc6 30. e5 d5 31. Ra7 Qe6 32. Rxf7 Qxf7 33. Qb2 Qe7 34. Qd4 1/2-1/2

[Event "LLHH 2324 FC St. Pauli III - SC Königss"]
[Site "?"]
[Date "2024.02.25"]
[Round "6.2"]
[White "Thieme, Daniel Otis"]
[Black "Cremer, Jochen"]
[Result "1/2-1/2"]
[WhiteElo "2129"]
[BlackElo "2086"]
[PlyCount "81"]
[EventDate "2024.??.??"]

1. d4 d5 2. c4 c6 3. Nf3 Nf6 4. e3 Bf5 5. Nc3 e6 6. Nh4 Be4 7. f3 Bg6 8. Qb3 Qb6 9. Qxb6 axb6 10. Bd2 Bd6 11. Kf2 Nbd7 12. g3 O-O 13. Nxg6 hxg6 14. Rc1 Rfe8 15. Kg2 Re7 16. Bd3 Bb4 17. a3 Bd6 18. g4 dxc4 19. Bxc4 Nd5 20. f4 Nxc3 21. Bxc3 b5 22. Bd3 Nb6 23. Bd2 Ra4 24. Bc2 Ra8 25. Bb3 Nd5 26. Kf3 f5 27. g5 Kf7 28. h4 Rh8 29. Kf2 Ree8 30. Rh3 Rh7 31. Bd1 Reh8 32. Kg3 Nb6 33. Be2 Nd5 34. Rch1 Ne7 35. Kf2 Nd5 36. Bf3 Ne7 37. Ke2 Kf8 38. Kd3 Kf7 39. Kc2 Nd5 40. Kb3 Ke7 41. h5 1/2-1/2

[Event "LLHH 2324 FC St. Pauli III - SC Königss"]
[Site "?"]
[Date "2024.02.25"]
[Round "6.3"]
[White "Moehrmann, Marcus"]
[Black "zur Lage, Julian"]
[Result "0-1"]
[WhiteElo "1990"]
[BlackElo "2102"]
[PlyCount "82"]
[EventDate "2024.??.??"]

1. e4 c5 2. Nf3 Nc6 3. d4 cxd4 4. Nxd4 Nf6 5. Nc3 e5 6. Ndb5 d6 7. Bg5 a6 8. Na3 b5 9. Nd5 Be7 10. Bxf6 Bxf6 11. Bd3 Bg5 12. O-O O-O 13. c4 b4 14. Nc2 a5 15. Nce3 Kh8 16. g3 Bxe3 17. fxe3 Qg5 18. Rf2 Be6 19. Qf3 Bg4 20. Qg2 f6 21. h3 Bd7 22. Nb6 Ra7 23. Nxd7 Rxd7 24. Re1 Nd8 25. h4 Qg6 26. Qh3 Rdf7 27. Kh2 Nb7 28. g4 Nc5 29. h5 Qh6 30. Bc2 g6 31. Rd1 gxh5 32. Rxd6 h4 33. Rf5 Rg8 34. Rxe5 Rg5 35. Re8+ Rf8 36. Rxf8+ Qxf8 37. Rd5 Qb8+ 38. Kg2 Qc8 39. Kf3 Ne6 40. b3 Rxd5 41. Qxh4 Ng5+ 0-1

[Event "LLHH 2324 FC St. Pauli III - SC Königss"]
[Site "?"]
[Date "2024.02.25"]
[Round "6.4"]
[White "Wronn, Bernd"]
[Black "Chin, Karin"]
[Result "1/2-1/2"]
[WhiteElo "2161"]
[BlackElo "2047"]
[PlyCount "120"]
[EventDate "2024.??.??"]

1. d4 Nf6 2. c4 g6 3. Nc3 Bg7 4. e4 d6 5. Nf3 O-O 6. Be2 e5 7. O-O Nc6 8. d5 Ne7 9. Ne1 Nd7 10. f3 f5 11. g4 f4 12. Nd3 g5 13. Bd2 Ng6 14. b4 Nf6 15. c5 h5 16. h3 Rf7 17. Rc1 Bf8 18. Rf2 Rh7 19. Rh2 Bd7 20. a4 a6 21. Be1 Kg7 22. Bf2 Be7 23. cxd6 cxd6 24. Kg2 Qh8 25. Rh1 Rc8 26. b5 Bd8 27. b6 hxg4 28. hxg4 Nh4+ 29. Kf1 Kg6 30. a5 Nxf3 31. Rxh7 Qxh7 32. Bxf3 Qh3+ 33. Bg2 Qh8 34. Ne2 Bxg4 35. Rxc8 Bxc8 36. Qa1 Nh5 37. Qa3 Qf6 38. Nb4 Bd7 39. Nc6 bxc6 40. b7 Bc7 41. dxc6 Bxc6 42. Qc3 Ng3+ 43. Ke1 Bxb7 44. Qxc7 Bxe4 45. Bxe4+ Nxe4 46. Qc4 Nxf2 47. Kxf2 g4 48. Qd3+ Kh6 49. Kg1 d5 50. Qxd5 Kg5 51. Nc3 Qg7 52. Qd8+ Kh5 53. Ne4 g3 54. Nf6+ Kg6 55. Ne8 Qf7 56. Qd6+ Kf5 57. Qd3+ Kg5 58. Nd6 Qa7+ 59. Kh1 Qa8+ 60. Kg1 Qa7+ 1/2-1/2

[Event "LLHH 2324 FC St. Pauli III - SC Königss"]
[Site "?"]
[Date "2024.02.25"]
[Round "6.5"]
[White "Lohse, Marc"]
[Black "Grote, Dirk"]
[Result "0-1"]
[WhiteElo "1913"]
[BlackElo "2025"]
[PlyCount "56"]
[EventDate "2024.??.??"]

1. e4 c6 2. d4 d5 3. exd5 cxd5 4. Bd3 Nc6 5. c3 Nf6 6. h3 e5 7. dxe5 Nxe5 8. Qe2 Ne4 9. Bxe4 dxe4 10. Qxe4 Bd6 11. Bf4 O-O 12. Bxe5 Bxe5 13. Ne2 Re8 14. Qc2 Qg5 15. Kf1 Bf5 16. Qc1 Qg6 17. Nd4 Bd3+ 18. Kg1 Be4 19. f3 Bxd4+ 20. cxd4 Bxf3 21. Rh2 Rad8 22. Nc3 Rxd4 23. Qf1 Bc6 24. Re1 Red8 25. Nb5 Rd2 26. Nxa7 Rxb2 27. Nxc6 Qxc6 28. Re2 Qb6+ 0-1

[Event "LLHH 2324 FC St. Pauli III - SC Königss"]
[Site "?"]
[Date "2024.02.25"]
[Round "6.6"]
[White "David, Torsten"]
[Black "Schroeter, Baldur"]
[Result "1-0"]
[WhiteElo "2037"]
[BlackElo "2008"]
[PlyCount "35"]
[EventDate "2024.??.??"]

1. e4 d5 2. exd5 Nf6 3. c4 e6 4. dxe6 Bxe6 5. Be2 Nc6 6. Nf3 Bc5 7. O-O Qd7 8. d3 O-O-O 9. Be3 Nd4 10. Nxd4 Bxd4 11. Nc3 Bf5 12. Bxd4 Qxd4 13. Qa4 Rhe8 14. Nb5 Qb6 15. c5 Qa6 16. Nxa7+ Kb8 17. Qxa6 bxa6 18. Nc6+ 1-0

[Event "LLHH 2324 FC St. Pauli III - SC Königss"]
[Site "?"]
[Date "2024.02.25"]
[Round "6.8"]
[White "Steinbrenner, Juerg"]
[Black "Kipke, Mark"]
[Result "1/2-1/2"]
[WhiteElo "1973"]
[BlackElo "1581"]
[PlyCount "78"]
[EventDate "2024.??.??"]

1. e4 c5 2. c3 d5 3. exd5 Qxd5 4. d4 Nc6 5. Nf3 cxd4 6. cxd4 e5 7. dxe5 Qxd1+ 8. Kxd1 Bg4 9. Bf4 O-O-O+ 10. Nbd2 Bb4 11. Rc1 Nge7 12. e6 fxe6 13. Kc2 Bf5+ 14. Kb3 e5 15. Be3 Kb8 16. a3 Ba5 17. Nc4 Be6 18. Kc2 Bf5+ 19. Kb3 Bc7 20. Bg5 Rhe8 21. Bxe7 Rxe7 22. Ne3 Bg6 23. Bc4 Na5+ 24. Ka2 Nxc4 25. Nxc4 e4 26. Nh4 Bf7 27. Kb1 b5 28. Ne3 Bb6 29. Nhf5 Re5 30. Rhd1 Rxd1 31. Rxd1 Kc7 32. Nd6 Bh5 33. Rd2 Ba5 34. b4 Bb6 35. Ndf5 Bf7 36. Rc2+ Kd7 37. Rd2+ Kc7 38. Rc2+ Kd8 39. Rd2+ Kc7 1/2-1/2

[Event "LLHH 2324 SC Königsspringer II - SC Dio"]
[Site "?"]
[Date "2024.04.07"]
[Round "7.1"]
[White "Hochgraefe, Markus"]
[Black "Wagner, Friedrich"]
[Result "1-0"]
[WhiteElo "2359"]
[BlackElo "2108"]
[PlyCount "67"]
[EventDate "2024.??.??"]

1. Nf3 d5 2. d4 Nf6 3. Bf4 c5 4. e3 Qb6 5. Nc3 a6 6. Na4 Qa5+ 7. c3 cxd4 8. exd4 e6 9. b4 Qd8 10. Bd3 Bd6 11. Bxd6 Qxd6 12. O-O Bd7 13. Nc5 b6 14. Nb3 Ba4 15. Qe2 O-O 16. Ne5 Rc8 17. Rac1 Ra7 18. f4 Rac7 19. Rf3 g6 20. Bb1 Nc6 21. Re1 Bb5 22. Qf2 Qe7 23. Nd2 Nb8 24. f5 exf5 25. Bxf5 Re8 26. Bxg6 fxg6 27. Rxf6 Rf8 28. Ng4 Qg7 29. Rxf8+ Qxf8 30. Nf6+ Kg7 31. Nxd5 Rf7 32. Qe3 Nd7 33. Nc7 Qc8 34. Ne8+ 1-0

[Event "LLHH 2324 SC Königsspringer II - SC Dio"]
[Site "?"]
[Date "2024.04.07"]
[Round "7.2"]
[White "Conrad, Christian"]
[Black "Schulenburg, Fabian"]
[Result "1/2-1/2"]
[WhiteElo "2077"]
[BlackElo "2262"]
[PlyCount "105"]
[EventDate "2024.??.??"]

1. Nf3 d5 2. g3 Nf6 3. c4 c5 4. Bg2 Nc6 5. O-O e5 6. cxd5 Nxd5 7. Nc3 Nc7 8. a3 Be6 9. b4 f6 10. bxc5 Bxc5 11. Rb1 Rb8 12. Qa4 Bb6 13. Qh4 Na6 14. Na4 Bc7 15. d4 exd4 16. Rd1 Bd5 17. e4 Bf7 18. Bb2 d3 19. Bf1 O-O 20. Bxd3 Qe7 21. e5 f5 22. Qxe7 Nxe7 23. Rdc1 Rfc8 24. Bd4 Be8 25. Nc5 Nxc5 26. Bxc5 Nc6 27. Bxf5 Rd8 28. Bxa7 Nxa7 29. Rxc7 Nb5 30. Rcc1 Nxa3 31. Rb3 Nb5 32. Rcb1 Bc6 33. Rxb5 Bxf3 34. Bh3 Rd2 35. Bg2 Be2 36. R5b2 Rxb2 37. Rxb2 Ba6 38. Bf1 Bxf1 39. Kxf1 b5 40. Ke2 Kf7 41. Ke3 Ke6 42. Ke4 b4 43. f4 b3 44. f5+ Ke7 45. h3 g6 46. g4 gxf5+ 47. gxf5 Rb4+ 48. Kd5 Rb5+ 49. Kd4 h6 50. h4 Kf7 51. Ke4 Ke7 52. Kf4 Rb4+ 53. Kg3 1/2-1/2

[Event "LLHH 2324 SC Königsspringer II - SC Dio"]
[Site "?"]
[Date "2024.04.07"]
[Round "7.3"]
[White "Schulenburg, Torben"]
[Black "Moehrmann, Marcus"]
[Result "1-0"]
[WhiteElo "2224"]
[BlackElo "1986"]
[PlyCount "53"]
[EventDate "2024.??.??"]

1. d4 Nf6 2. c4 g6 3. Nc3 Bg7 4. g3 O-O 5. Bg2 d6 6. Nf3 Nbd7 7. O-O e5 8. e4 Re8 9. Re1 c6 10. h3 a5 11. d5 Nb6 12. Bf1 Bd7 13. Be3 cxd5 14. cxd5 a4 15. Rc1 Ra5 16. Nd2 Re7 17. Bxb6 Qxb6 18. Nc4 Qc5 19. Nxa5 Qxa5 20. Qd2 h5 21. Rc2 Kh7 22. Nb5 Qxd2 23. Rxd2 Ne8 24. Na3 f5 25. Bb5 fxe4 26. Bxd7 Rxd7 27. Rxe4 1-0